Financing construction : (Record no. 35493)
[ view plain ]
| 000 -LEADER | |
|---|---|
| fixed length control field | 00936cam a2200265 a 4500 |
| 001 - CONTROL NUMBER | |
| control field | vtls003021661 |
| 003 - CONTROL NUMBER IDENTIFIER | |
| control field | MY-SjTCS |
| 005 - DATE AND TIME OF LATEST TRANSACTION | |
| control field | 20200310105638.0 |
| 008 - FIXED-LENGTH DATA ELEMENTS--GENERAL INFORMATION | |
| fixed length control field | 110218s2003 nyua b 000 0 eng |
| 020 ## - INTERNATIONAL STANDARD BOOK NUMBER | |
| International Standard Book Number | 0415232074 (pbk.) |
| 039 #9 - LEVEL OF BIBLIOGRAPHIC CONTROL AND CODING DETAIL [OBSOLETE] | |
| Level of rules in bibliographic description | 201102181337 |
| Level of effort used to assign nonsubject heading access points | VLOAD |
| -- | 200504070748 |
| -- | kusuma |
| 082 04 - DEWEY DECIMAL CLASSIFICATION NUMBER | |
| Classification number | 624.0681 |
| Item number | KEN |
| 100 1# - MAIN ENTRY--PERSONAL NAME | |
| Personal name | Kenley, Russell. |
| 9 (RLIN) | 220301 |
| 245 10 - TITLE STATEMENT | |
| Title | Financing construction : |
| Remainder of title | cash flows and cash farming / |
| Statement of responsibility, etc. | Russell Kenley. |
| 260 ## - PUBLICATION, DISTRIBUTION, ETC. | |
| Place of publication, distribution, etc. | New York : |
| Name of publisher, distributor, etc. | Spon Press, |
| Date of publication, distribution, etc. | 2003. |
| 300 ## - PHYSICAL DESCRIPTION | |
| Extent | xxiv, 273 p. : |
| Other physical details | ill. ; |
| Dimensions | 24 cm. |
| 504 ## - BIBLIOGRAPHY, ETC. NOTE | |
| Bibliography, etc. note | Includes bibliographical references. |
| 650 #0 - SUBJECT ADDED ENTRY--TOPICAL TERM | |
| Topical term or geographic name entry element | Construction industry |
| General subdivision | Management. |
| 9 (RLIN) | 8145 |
| 650 #0 - SUBJECT ADDED ENTRY--TOPICAL TERM | |
| Topical term or geographic name entry element | Construction industry |
| General subdivision | Finance. |
| 9 (RLIN) | 9888 |
| 650 #0 - SUBJECT ADDED ENTRY--TOPICAL TERM | |
| Topical term or geographic name entry element | Construction industry |
| General subdivision | Capital investments. |
| 9 (RLIN) | 220302 |
| 650 #0 - SUBJECT ADDED ENTRY--TOPICAL TERM | |
| Topical term or geographic name entry element | Construction industry |
| General subdivision | Accounting. |
| 9 (RLIN) | 16517 |
| 650 #0 - SUBJECT ADDED ENTRY--TOPICAL TERM | |
| Topical term or geographic name entry element | Managerial accounting |
| 9 (RLIN) | 209249 |
| 650 #0 - SUBJECT ADDED ENTRY--TOPICAL TERM | |
| Topical term or geographic name entry element | Cash flow. |
| 9 (RLIN) | 206312 |
| 920 ## - Programme | |
| Programme | BLT (DIP) : 524081 |
| Withdrawn status | Lost status | Source of classification or shelving scheme | Damaged status | Not for loan | Home library | Current library | Date acquired | Total Checkouts | Barcode | Date last seen | Date last checked out | Copy number | Uniform Resource Identifier | Koha item type | Public note |
|---|---|---|---|---|---|---|---|---|---|---|---|---|---|---|---|
| Dewey Decimal Classification | Taylor's Library-TU | Taylor's Library-TU | 07/04/2005 | 7 | 5000028827 | 05/12/2019 | 27/11/2017 | 1 | Floor 4, Shelf 20 , Side 1, TierNo 5, BayNo 1 | Main Collection | SABDx,23002,03,CL |